| 000 | 00807cam a2200253 4500 | ||
|---|---|---|---|
| 001 | 1231176 | ||
| 003 | OSt | ||
| 005 | 20160414133653.0 | ||
| 008 | 680301s1968 nyu b 000 0 eng | ||
| 010 | _a 68016874 | ||
| 040 |
_aDLC _cDLC _dDLC |
||
| 050 | 0 | 0 |
_aHT123 _b.F76 |
| 082 | 0 | 0 |
_a658.4 _bURB 1968 |
| 245 | 1 | 0 |
_aUrban planning and social policy. _cEdited by Bernard J. Frieden and Robert Morris. |
| 260 |
_aNew York, _bBasic Books _c1968 |
||
| 300 |
_axvii, 459 p. _c24 cm. |
||
| 504 | _aBibliographical references included in "Notes." | ||
| 650 | 0 |
_aCities and towns _zUnited States. _97885 |
|
| 651 | 0 |
_aUnited States _xSocial policy. _97886 |
|
| 700 | 1 |
_aMorris, Robert, _97887 |
|
| 700 | 1 |
_aFrieden, Bernard J., _97888 |
|
| 906 |
_a7 _bcbc _corignew _du _encip _f19 _gy-gencatlg |
||
| 942 |
_2ddc _cSLOAN |
||
| 999 |
_c3533 _d3533 |
||